000 01012nam0a22002651 4500
001 rc\4947497
005 20260406164007.0
021 _aRU
_b61-8784
021 _aRU
_bРг2471
035 _a(NLR Aleph) 008856355
090 _a8433017
_c8433017
100 _a20130426d1961 |||y0rusy50 ca
101 0 _arus
102 _aRU
105 _aa z |||||
200 1 _aОтчет Советской делегации по нерудным строительным материалам, находившейся в США с 9 октября по 6 ноября 1960 г.
210 _aЛенинград
_cБ. и.
_d1961
215 _a[2], 32 с., 3 л. схем.
_d28
300 _aОтпеч. множит. аппаратом
710 1 2 _aСоветская делегация по нерудным строительным материалам в США
_f1960
_9365736
_3RU\NLR\AUTH\889935405
801 0 _aRU
_bNLR
_gpsbo
801 1 _aRU
_bELAR
_2rusmarc
852 _aNLR
_j61-8/578
942 _cBOOK
980 _aNB